000 00476cam a2200145 4500500
005 20251012012545.0
041 _afre
042 _adc
100 1 0 _aPastorini, Chiara
_eauthor
245 0 0 _a“Pourquoi on aimerait être invisible ?”
260 _c2024.
500 _a40
786 0 _nPhilosophie magazine | 177 | 3 | 2024-03-01 | p. 66-66 | 1951-1787
856 4 1 _uhttps://shs.cairn.info/magazine-philosophie-magazine-2024-3-page-66?lang=fr&redirect-ssocas=7080
999 _c1527176
_d1527176